| 000 | 00850nam a22002417a 4500 | ||
|---|---|---|---|
| 999 |
_c6963 _d6963 |
||
| 003 | OSt | ||
| 005 | 20211122155509.0 | ||
| 008 | 160921s2016 spc|||| |||| 0|1 0 spa|d | ||
| 017 |
_aDL B 10400-2016 _bBiblioteca de Catalunya |
||
| 020 | _a9788416288816 | ||
| 040 |
_cCDMR _bcat |
||
| 100 | 1 |
_aMosco, Vincent _9996 |
|
| 245 | 1 | 3 |
_aLa Nube _b: big data en un mundo turbulento _cVincent Mosco ; traducción de Alba Dedeu |
| 260 |
_aVilassar de Dalt : _bEdiciones de Intervención Cultural-Biblioteca Buridán, _cDL 2016 |
||
| 300 |
_a397 p. ; _c24 cm |
||
| 500 | _aTít. orig.: To the cloud | ||
| 504 | _aBibliografia. Índex | ||
| 650 | 7 |
_aComputació en núvol _2lemac |
|
| 650 | 0 |
_aDades massives _2lemac _94719 |
|
| 650 | 0 | 7 |
_aTecnologia de la informació _xAspectes socials _2lemac _93508 |
| 700 | 1 |
_aDedeu, Alba, _d1984- _etrad. |
|
| 942 |
_cMON _2udc |
||